Most popular actors/actress according to Filmweb - Statistics

General Stats
  • This quiz has been taken 33 times
  • The average score is 46 of 100
Answer Stats
Actor/Actress % Correct
Christian Bale
83%
Morgan Freeman
83%
Brad Pitt
78%
Robert Downey Jr
78%
Leonardo DiCaprio
78%
Will Smith
78%
Denzel Washington
74%
Dwayne Johnson
74%
Emma Stone
74%
Robert De Niro
74%
Tom Cruise
74%
Tom Hanks
74%
Al Pacino
70%
Ben Affleck
70%
Meryl Streep
70%
Tom Holland
70%
Chris Evans
65%
Chris Hemsworth
65%
Emily Blunt
65%
Jennifer Lawrence
65%
Jude Law
65%
Julia Roberts
65%
Matt Damon
65%
Robin Williams
65%
Samuel L Jackson
65%
Amy Adams
61%
Bradley Cooper
61%
Daniel Radcliffe
61%
Hugh Jackman
61%
Kate Winslet
61%
Margot Robbie
61%
Russell Crowe
61%
Ryan Reynolds
61%
Sandra Bullock
61%
Scarlett Johansson
61%
Tom Hardy
61%
Anne Hathaway
57%
Cate Blanchett
57%
Emma Watson
57%
Jack Nicholson
57%
Joaquin Phoenix
57%
Angelina Jolie
52%
Chris Pratt
52%
Cillian Murphy
52%
Julianne Moore
52%
Keanu Reeves
52%
Ryan Gosling
52%
Anthony Hopkins
48%
Benedict Cumberbatch
48%
Clint Eastwood
48%
Harrison Ford
48%
Jake Gyllenhaal
48%
Johnny Depp
48%
Mark Ruffalo
48%
Matthew McConaughey
48%
Bruce Willis
43%
Mark Wahlberg
43%
Natalie Portman
43%
Nicole Kidman
43%
Timothee Chalamet
43%
Daniel Craig
39%
Jim Carrey
39%
Ralph Fiennes
39%
Sylvester Stallone
39%
Vin Diesel
39%
Colin Firth
35%
Gary Oldman
35%
Helena Bonham Carter
35%
Mel Gibson
35%
Michael Caine
35%
Michael Fassbender
35%
Robert Pattinson
35%
Adam Driver
30%
Charlize Theron
30%
Edward Norton
30%
Liam Neeson
30%
Nicolas Cage
30%
Tom Hiddleston
30%
Willem Dafoe
30%
Ian McKellen
26%
Josh Brolin
26%
Orlando Bloom
26%
Rachel McAdams
26%
Alan Rickman
22%
Ewan McGregor
22%
Jared Leto
22%
Kevin Spacey
22%
Woody Harrelson
22%
Christoph Waltz
17%
Viggo Mortensen
17%
Eddie Redmayne
13%
Jason Statham
13%
Mads Mikkelsen
4%
Colin Farrel
0%
James McAvoy
0%
J.K. Simmons
0%
Kiera Knightley
0%
Martin Freeman
0%
Quentin Tarantino
0%
Stellen Skarsgard
0%
No matching quizzes found
Score Distribution
Percent of People with Each Score
Percentile by Number Answered
Your Score History
You have not taken this quiz